Genetic variability and relationships among ten populations of rubber rabbitbrush (Chrysothamnus nausiosus ssp. hololeucus) determined by RAPD analysis of bulked genomic DNA samples (Record no. 59875)

MARC details
000 -LEADER
fixed length control field 00533nam a2200157Ia 4500
100 ## - MAIN ENTRY--AUTHOR NAME
Personal name Gang D R
245 #0 - TITLE STATEMENT
Title Genetic variability and relationships among ten populations of rubber rabbitbrush (Chrysothamnus nausiosus ssp. hololeucus) determined by RAPD analysis of bulked genomic DNA samples
260 ## - PUBLICATION, DISTRIBUTION, ETC. (IMPRINT)
Name of publisher Botanical Bulletin of Academia Sinica
Year of publication 1995
300 ## - PHYSICAL DESCRIPTION
Number of Pages 8-Jan
500 ## - GENERAL NOTE
General note Source Year: 1995
650 ## - SUBJECT ADDED ENTRY--TOPICAL TERM
Topical Term RAPD
700 ## - ADDED ENTRY--PERSONAL NAME
Personal name Weber D J
856 ## - ELECTRONIC LOCATION AND ACCESS
Uniform Resource Identifier PBA
942 ## - ADDED ENTRY ELEMENTS (KOHA)
Koha item type Journals
Holdings
Withdrawn status Lost status Damaged status Not for loan Home library Current library Shelving location Date acquired Serial Enumeration / chronology Koha item type
      Journals RRII Library RRII Library RAPD 18/10/1995 Volume 36, Issue 1 Journals